Comunicación estratégica: vivir en un mundo de señales

में बचाया:
ग्रंथसूची विवरण
मुख्य लेखकों: Tironi Barrios, Eugenio (लेखक), Cavallo Castro, Ascanio Raúl (लेखक)
स्वरूप: पुस्तक
भाषा:स्पेनिश
प्रकाशित: Santiago Aguilar Chilena 2004
श्रृंखला:Taurus Pensamiento
विषय:
टैग: टैग जोड़ें
कोई टैग नहीं, इस रिकॉर्ड को टैग करने वाले पहले व्यक्ति बनें!

MARC

LEADER 00000nam a2200000 a 4500
001 UCK4051
003 CL-VaPUC
008 050520e20040000CL |||||||||||||||||spa|d
020 |a 9562393038 
082 0 4 |a 658.45  |b TIR  |2 21 
100 0 |a Tironi Barrios, Eugenio  |e author  |9 492431 
700 0 |a Cavallo Castro, Ascanio Raúl  |e author  |9 492432 
245 1 0 |a Comunicación estratégica: vivir en un mundo de señales 
300 |a 285 p 
942 |c BK 
945 |d 20050520 00:00:00  |a cmena 
260 |a Santiago  |b Aguilar Chilena  |c 2004 
650 0 |a Comunicación   |9 257251 
650 0 |a Medios de comunicación  |9 257206 
650 0 |a Planificación estratégica   |9 259735 
650 0 |a Marketing  |9 259324 
650 0 |a Relaciones públicas  |9 331772 
583 |a last modification  |c 20131112 04:32:21  |k Rodrigo Vera 
490 0 |a Taurus Pensamiento 
999 |c 313027  |d 313025 
952 |0 0  |1 0  |4 0  |6 658_450000000000000_TIR_2004  |7 0  |8 A  |9 384071  |a BIBCUR  |b BIBCUR  |d 2019-11-22  |i 4128931  |o 658.45 TIR 2004  |p 4128931  |r 2025-04-22  |w 2019-11-22  |y BK  |k MGC 
952 |0 0  |1 0  |4 0  |6 658_450000000000000_TIR_2004  |7 0  |8 A  |9 384072  |a BIBENE  |b BIBENE  |d 2019-11-22  |i 4143531  |o 658.45 TIR 2004  |p 4143531  |r 2025-01-15  |w 2019-11-22  |y BK  |k ICO 
952 |0 0  |1 0  |4 0  |6 658_450000000000000_TIR_2004  |7 0  |8 A  |9 384073  |a BIBCUR  |b BIBCUR  |d 2019-11-22  |i 4152123  |l 2  |o 658.45 TIR 2004  |p 4152123  |r 2025-04-22  |s 2022-03-21  |w 2019-11-22  |y BK  |k MGC 
952 |0 0  |1 0  |4 0  |6 658_450000000000000_TIR_2004  |7 0  |8 A  |9 384074  |a BIBCUR  |b BIBCUR  |d 2019-11-22  |i 4160576  |l 2  |o 658.45 TIR 2004  |p 4160576  |r 2025-04-22  |s 2022-04-06  |w 2019-11-22  |y BK  |k MGC 
952 |0 0  |1 0  |4 0  |6 658_450000000000000_TIR_2004  |7 0  |8 A  |9 384075  |a BIBCUR  |b BIBCUR  |d 2019-11-22  |i 4192885  |o 658.45 TIR 2004  |p 4192885  |r 2025-04-22  |w 2019-11-22  |y BK  |k PER 
952 |0 0  |1 0  |4 0  |6 658_450000000000000_TIR_2004  |7 0  |8 A  |9 384076  |a BIBCUR  |b BIBCUR  |d 2019-11-22  |i 4210867  |o 658.45 TIR 2004  |p 4210867  |r 2025-04-22  |w 2019-11-22  |y BK  |k PER